Home buying and selling (Record no. 110461)
[ view plain ]
| 000 -LEADER | |
|---|---|
| fixed length control field | 01354cam a22002175a 4500 |
| 001 - CONTROL NUMBER | |
| control field | L149308 |
| 008 - FIXED-LENGTH DATA ELEMENTS--GENERAL INFORMATION | |
| fixed length control field | 100218s2010 xxk f 000 0 eng d |
| 035 ## - SYSTEM CONTROL NUMBER | |
| System control number | (Sirsi) u149308 |
| 041 0# - LANGUAGE CODE | |
| Language code of text/sound track or separate title | eng |
| 050 04 - LIBRARY OF CONGRESS CALL NUMBER | |
| Classification number | 338.47624 $2 18 |
| 110 2# - MAIN ENTRY--CORPORATE NAME | |
| Corporate name or jurisdiction name as entry element | United Kingdom |
| Subordinate unit | Office of Fair Trading |
| 9 (RLIN) | 4767 |
| 245 00 - TITLE STATEMENT | |
| Title | Home buying and selling |
| Remainder of title | a market study |
| Medium | [electronic resource] |
| 260 ## - PUBLICATION, DISTRIBUTION, ETC. | |
| Place of publication, distribution, etc. | London |
| Name of publisher, distributor, etc. | OFT |
| Date of publication, distribution, etc. | 2010 |
| 520 ## - SUMMARY, ETC. | |
| Summary, etc. | Reforming traditional estate agency practices by introducing new innovations to home buying and selling practices would benefit the consumer. Updating the Estate Agents Act 1979 to allow new players into the market would encourage competition. Further regulation is unncessary but calls for enforcement of current rules to guard against serious breaches. Consumers are urged to negotiate hard on commission fees and consider using alternatives to traditional estate agents such as online services. Final report and accompanying research reports conclude the study launched in 2009 (See L146790) |
| 590 ## - LOCAL NOTE (RLIN) | |
| Local note | KA NTK |
| 650 24 - SUBJECT ADDED ENTRY--TOPICAL TERM | |
| Topical term or geographic name entry element | ESTATE AGENTS ACT 1979 |
| 651 #4 - SUBJECT ADDED ENTRY--GEOGRAPHIC NAME | |
| Geographic name | United Kingdom |
| Chronological subdivision | |
| 690 ## - LOCAL SUBJECT ADDED ENTRY--TOPICAL TERM (OCLC, RLIN) | |
| Topical term or geographic name as entry element | PROPERTY-RESIDENTIAL PROPERTY-ACQUISITION AND DISPOSAL OF RESIDENTIAL PROPERTY |
| 856 40 - ELECTRONIC LOCATION AND ACCESS | |
| Uniform Resource Identifier | <a href="https://www.oft.gov.uk/OFTwork/markets-work/completed/buyingandselling">https://www.oft.gov.uk/OFTwork/markets-work/completed/buyingandselling</a> |
| Public note | View this online document free of charge at www.oft.gov.uk |
| 942 ## - ADDED ENTRY ELEMENTS (KOHA) | |
| Suppress in OPAC | 0 |
| Withdrawn status | Lost status | Source of classification or shelving scheme | Damaged status | Not for loan | Home library | Current library | Shelving location | Date acquired | Total Checkouts | Full call number | Barcode | Date last seen | Copy number | Price effective from | Koha item type |
|---|---|---|---|---|---|---|---|---|---|---|---|---|---|---|---|
| Dewey Decimal Classification | Virtual | Virtual | Online | 18/02/2010 | ONLINE PUBLICATION | 149308-2001 | 06/08/2019 | 1 | 06/08/2019 | Book |